000 00246nam a2200109Ia 4500
008 190216s9999||||xx |||||||||||||| ||und||
100 _aVasudevan K
245 0 _aManagement Accounting
260 _bNew Heights
_c1980
300 _a466p
942 _cBK
999 _c4407
_d4407